Der Neue, gemeinnützige Landwirthschafts Calender, auf das Jahr, nach der heilbringenden Geburt unsers Herrn Jesu Christi, 1795 : ... Mit sonderbarem Fleiss nach dem pennsylvanischen und der angrenzenden Staaten Horizont und Nordhöhe berechnet. : Zum Achtenmal herausgegeben.

Bibliographic Details
Format: eBook
Language:German
Published: Lancäster [Pa.] : Gedruckt und zu haben bey Johann Albrecht und Comp. in der neuen Buchdruckerey, in der Prinz-Strasse, das 2te Haus, nördlich vom Gefängniss, [1794]
Series:Early American imprints. Evans (1639-1800) ; no. 27358.
Subjects:
Online Access:Evans Digital Edition

MARC

Tag First Indicator Second Indicator Subfields
LEADER 00000cam a2200000 a 4500
001 in00002139303
006 m e d #
007 cr mn mmmmabba
008 840724s1794 paua s 000 0 ger d
005 20260331161634.9
035 |z w032750 
035 |a MAAR8407241308B 
035 |9 mwa91-29456 
035 |a 341202 
035 |a aas03032750 
040 |a MWA  |c MWA  |e bdrb  |d UtOrBLW 
245 0 4 |a Der Neue, gemeinnützige Landwirthschafts Calender, auf das Jahr, nach der heilbringenden Geburt unsers Herrn Jesu Christi, 1795 :  |b ... Mit sonderbarem Fleiss nach dem pennsylvanischen und der angrenzenden Staaten Horizont und Nordhöhe berechnet. : Zum Achtenmal herausgegeben. 
264 1 |a Lancäster [Pa.] :  |b Gedruckt und zu haben bey Johann Albrecht und Comp. in der neuen Buchdruckerey, in der Prinz-Strasse, das 2te Haus, nördlich vom Gefängniss,  |c [1794] 
300 |a 44 unnumbered pages :  |b illustrations ;  |c 21 cm. (quarto) 
336 |a text  |b txt  |2 rdacontent 
337 |a computer  |b c  |2 rdamedia 
338 |a online resource  |b cr  |2 rdacarrier 
500 |a Cover title: Neuer lancästerscher Calender, 1795. 
510 4 |a Evans  |c 27358 
510 4 |a Drake, M. Almanacs,  |c 10378 
530 |a Microform version available in the Readex Early American Imprints series. 
533 |a Electronic text and image data.  |b [Chester, Vt. :  |c Readex, a division of Newsbank, Inc.,  |d 2002-2004.  |e Includes files in TIFF, GIF and PDF formats with inclusion of keyword searchable text.  |f (Early American imprints. First series ; no. 27358). 
500 |a Electronic resource. 
655 7 |a Almanacs  |z Pennsylvania  |y 1795.  |2 rbgenr 
740 0 |a Neuer lancästerscher Calender, 1795. 
752 |a United States  |b Pennsylvania  |d Lancaster. 
830 0 |a Early American imprints.  |n Series I,  |p Evans (1639-1800) ;  |v no. 27358. 
856 4 1 |u http://proxy.library.tamu.edu/login?url=https://opac.newsbank.com/select/evans/27358  |y Evans Digital Edition  |t 0 
999 |a MARS 
999 f f |s 648cd12f-273c-34e8-a044-6586b363ef68  |i ef5a14db-c52b-3669-82f4-5471b025e839  |t 0 
952 f f |a Texas A&M University  |b College Station  |c Electronic Resources  |s www_evans  |d Available Online  |t 0  |h No information provided 
998 f f |t 0  |l Available Online